000 00674nam a2200241Ia 4500
003 OSt
005 20220926011012.0
006 a|||||r|||| 00| 0
007 ta
008 220923b |||||||| |||| 00| 0 eng d
020 _a0136513980
037 _cGeneral Book
040 _aRTL
_cRTL
_beng
041 _2eng
_aeng
082 _aX9:89A, M2
100 _aLehrer Robert N
_9125614
245 0 _aParticipative productivity and quality of work lik
260 _aNew Jersey
_bPrentice Hall
_c1982
300 _axiv, 384p.
_ccm.
650 _aProduction Management
942 _hX9:89A, M2
_cGB
_2CC
999 _c618816
_d618816